|
|
|
|
| LEADER |
00000nab a2200000 a 4500 |
| 001 |
vtls011122729 |
| 003 |
SK-MaSNL |
| 005 |
20260303151206.0 |
| 008 |
230222|2014 xo |||||||||||||||||eng| |
| 015 |
|
|
|a SNBRB
|
| 035 |
|
|
|a (uuid)bf9a1759-fe72-40fb-b96c-65ccd511069e
|
| 035 |
|
|
|a (urnnbn)urn:nbn:sk:snk:ar-a08x6u
|
| 035 |
|
|
|a urn:nbn:sk:snk-ab9upi
|
| 040 |
|
|
|a SNKBUCL
|b slo
|c SNKBUCL
|e AACR2
|
| 041 |
0 |
|
|a eng
|
| 044 |
|
|
|a xo
|c SK
|
| 100 |
1 |
|
|a Dundeková, Sylvia
|4 aut
|9 834956
|
| 245 |
1 |
0 |
|a MICROSTRUCTURAL CHANGES OF AISI 316L DUE TO STRUCTURAL SENSITIZATION AND ITS INFLUENCE ON THE FATIGUE PROPERTIES
|c Sylvia Dundeková, František Nový, Stanislava Fintová
|
| 700 |
1 |
|
|a Nový, František,
|d 1972-
|4 aut
|9 196691
|
| 700 |
1 |
|
|a Fintová, Stanislava
|4 aut
|9 752296
|
| 773 |
0 |
|
|t Materiálové inžinierstvo
|g Roč. 21, č. 4 (2014), s. 172-177
|
| 958 |
|
|
|a OND
|
| 958 |
|
|
|a EUIPO
|
| 958 |
|
|
|a article13
|
| 999 |
|
|
|c 2016556
|d 2018486
|